[Event "Titled Tue 20th May Early"]
[Site "chess.com INT"]
[Date "2025.05.20"]
[Round "2"]
[White "Setumadhav, Yellumahanthi"]
[Black "Torres Rebolledo, Alvaro"]
[Result "1-0"]
[WhiteTitle "FM"]
[BlackTitle "FM"]
[WhiteElo "2254"]
[BlackElo "2336"]
[WhiteFideId "25920669"]
[BlackFideId "54587670"]
[EventDate "2025.05.20"]

1. c4 Nf6 2. g3 g6 3. Bg2 Bg7 4. Nf3 O-O 5. O-O b6 6. d4 Bb7 7. Nc3 Ne4 8. Bd2
e6 9. Re1 d6 10. Nxe4 Bxe4 11. Bc3 Nd7 12. Nd2 Bxg2 13. Kxg2 f5 14. e4 f4 15.
Qg4 e5 16. d5 Kh8 17. Nf3 Nf6 18. Qe6 Nh5 19. h4 Rf6 20. Qg4 Qe7 21. Ng5 Raf8
22. Rf1 h6 23. Ne6 R8f7 24. Bd2 Kh7 25. b4 fxg3 26. fxg3 Rxf1 27. Rxf1 Nf6 28.
Qe2 Nh5 29. Rxf7 Qxf7 30. Qf3 Qe7 31. b5 Bf6 32. Qa3 Ng7 33. Nxg7 Bxg7 34. Qxa7
Qd7 35. Qa3 Qg4 36. Qf3 Qc8 37. h5 g5 38. Qf5+ Qxf5 39. exf5 e4 40. Be3 Bd4 41.
Bxd4 Kg8 42. Kf2 Kf7 43. Ke3 g4 44. Kxe4 Ke7 45. f6+ Kf7 46. Kf5 Kf8 47. Kxg4
Kg8 48. Kf5 Kf8 49. Be3 Kf7 50. Bxh6 Kg8 51. Kg6 Kh8 52. Bg7+ Kg8 53. f7# 1-0

[Event "Titled Tue 20th May Early"]
[Site "chess.com INT"]
[Date "2025.05.20"]
[Round "2"]
[White "Den Roover, Nikolay Jorgensen"]
[Black "Starosta, Martyna"]
[Result "0-1"]
[WhiteTitle "CM"]
[BlackTitle "WFM"]
[WhiteElo "1970"]
[BlackElo "2182"]
[WhiteFideId "1557220"]
[BlackFideId "21818754"]
[EventDate "2025.05.20"]

1. c4 e6 2. g3 d5 3. Bg2 dxc4 4. a4 Nf6 5. Nf3 Nc6 6. Na3 Bxa3 7. Rxa3 e5 8. O-O
Be6 9. Ng5 Bd5 10. e4 Be6 11. Nxe6 fxe6 12. b3 cxb3 13. Qxb3 Nd4 14. Qb4 Nc2 15.
Qb5+ c6 16. Qxb7 Nxa3 17. Qxc6+ Kf7 18. Bxa3 Rc8 19. Qa6 Qb6 20. Qe2 Rhd8 21.
Kh1 Qd4 22. f4 exf4 23. e5 Nd5 24. Qh5+ Kg8 25. Bh3 Qe4+ 26. Bg2 Qxa4 27. Bd6
fxg3 28. Qf7+ Kh8 29. Qxe6 Nf4 30. Qe7 Nxg2 31. Kxg2 Qe4+ 32. Kxg3 Qg6+ 33. Kf2
Rf8+ 34. Qxf8+ Rxf8+ 35. Bxf8 Qf5+ 36. Kg1 Qxe5 37. Bb4 Qd4+ 38. Kg2 Qxb4 39.
Re1 Kg8 40. Kf1 Kf7 41. Rd1 a5 42. Ke1 a4 43. Ke2 a3 44. d4 a2 45. d5 Qb2+ 46.
Ke3 a1=Q 47. Rxa1 Qxa1 48. d6 Qe5+ 49. Kf2 Qxd6 50. Kg1 Qd2 51. h3 Kf6 52. h4
Kf5 53. h5 Kf4 54. h6 Kg3 55. hxg7 Qg2# 0-1

[Event "Titled Tue 20th May Early"]
[Site "chess.com INT"]
[Date "2025.05.20"]
[Round "2"]
[White "Ter-Sahakyan, Samvel"]
[Black "Pham, Le Thao Nguyen"]
[Result "1-0"]
[WhiteTitle "GM"]
[BlackTitle "IM"]
[WhiteElo "2611"]
[BlackElo "2388"]
[WhiteFideId "13302531"]
[BlackFideId "12401226"]
[EventDate "2025.05.20"]

1. d4 Nf6 2. c4 e6 3. Nc3 d5 4. cxd5 exd5 5. Bg5 c6 6. e3 Bf5 7. Qf3 Bg6 8. Bxf6
Qxf6 9. Qxf6 gxf6 10. h4 h5 11. Kd2 a5 12. Bd3 Nd7 13. Nh3 Bd6 14. g3 Nb6 15.
Ke2 a4 16. a3 Ra5 17. Rac1 Kd7 18. Rhd1 Bxd3+ 19. Rxd3 f5 20. Kf3 Nc4 21. Rc2
Ra6 22. Nf4 Bxf4 23. Kxf4 Ke6 24. Kf3 Rha8 25. Na2 Rb6 26. Nb4 Rb5 27. Rdc3 Kf6
28. Nd3 Ra6 29. Nc5 Ra7 30. Ke2 Ke7 31. Nd3 Ra6 32. Kd1 Rb3 33. Kc1 Rxc3 34.
Rxc3 b5 35. Nf4 Rb6 36. Nxh5 b4 37. axb4 Rxb4 38. Nf4 Kd6 39. Nd3 Rb8 40. Kb1 a3
41. b3 Nd2+ 42. Ka2 Ne4 43. Rc2 Ra8 44. Ne5 c5 45. Nxf7+ Ke7 46. Ng5 cxd4 47.
exd4 Nd6 48. Nf3 Nb5 49. Rc5 1-0

[Event "Titled Tue 20th May Early"]
[Site "chess.com INT"]
[Date "2025.05.20"]
[Round "2"]
[White "Cattaneo, Marco"]
[Black "Logachiov, Aleksandr"]
[Result "0-1"]
[WhiteTitle "FM"]
[BlackTitle "CM"]
[WhiteElo "2291"]
[BlackElo "2129"]
[WhiteFideId "878332"]
[BlackFideId "24123706"]
[EventDate "2025.05.20"]

1. e4 c5 2. d3 Nc6 3. g3 g6 4. Bg2 Bg7 5. f4 d6 6. Nf3 e5 7. Nc3 Nge7 8. O-O O-O
9. f5 gxf5 10. Nh4 Nd4 11. Bg5 f6 12. Be3 fxe4 13. dxe4 Be6 14. Qd2 Qd7 15. Rf2
Ng6 16. Nf5 Nxf5 17. exf5 Bxf5 18. Rd1 Rad8 19. Ne4 Bxe4 20. Bxe4 f5 21. Bd5+
Kh8 22. Bg5 Rde8 23. Rdf1 f4 24. gxf4 exf4 25. Kh1 Be5 26. Qe2 Qf5 27. Qh5 Bf6
28. Bxf6+ Rxf6 29. Qf3 Re3 30. Qg2 Qe5 31. c4 Rf8 32. Qg4 Qf5 33. Qg2 b6 34. Rf3
Qe5 35. Qh3 Rxf3 36. Qxf3 Qd4 37. Qh5 Qg7 38. Rg1 Rf6 39. h4 f3 40. Qg4 f2 41.
Rf1 Qe7 42. h5 Rf4 43. Qc8+ Nf8 0-1

[Event "Titled Tue 20th May Early"]
[Site "chess.com INT"]
[Date "2025.05.20"]
[Round "2"]
[White "Gilfanov, Marat I"]
[Black "Le, Tuan Minh"]
[Result "0-1"]
[WhiteTitle "FM"]
[BlackTitle "GM"]
[WhiteElo "2379"]
[BlackElo "2598"]
[WhiteFideId "34372164"]
[BlackFideId "12401153"]
[EventDate "2025.05.20"]

1. e4 e5 2. Nf3 Nc6 3. Bb5 a6 4. Ba4 Bc5 5. O-O Nge7 6. c3 Ng6 7. d4 Ba7 8. Bg5
f6 9. Be3 O-O 10. Re1 Kh8 11. h3 d6 12. Bc2 exd4 13. cxd4 Nce7 14. Nc3 c6 15.
Qd2 d5 16. exd5 cxd5 17. Rac1 Bf5 18. Bb3 b5 19. Nh2 Qd7 20. Nf1 Rad8 21. Ng3
Bxh3 22. gxh3 Qxh3 23. f4 Qxg3+ 24. Qg2 Qxg2+ 25. Kxg2 b4 26. Ne2 Nf5 27. Bf2
Rfe8 28. Kf3 Re7 29. Bc2 Nd6 30. Bd3 Ne4 31. Bxa6 Rde8 32. Bb5 Rd8 33. Bd3 f5
34. Red1 Bb8 35. Be1 Bd6 36. Rc6 h5 37. Rdc1 Kh7 38. Rb6 Re6 39. Bxb4 Nh4+ 40.
Ke3 Ng3+ 41. Kd2 Nxe2 42. Bxe2 Bxf4+ 43. Kd3 Rxb6 44. Rh1 Rxb4 45. Rxh4 Bh6 46.
Rxh5 Rxb2 47. Rxf5 Rd2+ 48. Kc3 Rxe2 0-1

[Event "Titled Tue 20th May Early"]
[Site "chess.com INT"]
[Date "2025.05.20"]
[Round "2"]
[White "Tiitta, Sauli"]
[Black "Navarro Lopez-Menchero, Daniel"]
[Result "1-0"]
[BlackTitle "FM"]
[WhiteElo "2157"]
[BlackElo "2240"]
[WhiteFideId "502251"]
[BlackFideId "2297370"]
[EventDate "2025.05.20"]

1. g4 d5 2. h3 Nc6 3. d4 h5 4. g5 Bf5 5. Nc3 e6 6. Bf4 Bb4 7. e3 Nge7 8. h4 Ng6
9. Bg3 e5 10. Be2 exd4 11. exd4 Qe7 12. Kf1 Bxc3 13. bxc3 O-O-O 14. Rb1 f6 15.
Nh3 Qe4 16. Bf3 Qxc2 17. Qxc2 Bxc2 18. Rb2 Bd3+ 19. Kg2 f5 20. Rd1 Be4 21. Bxe4
fxe4 22. Nf4 Nxf4+ 23. Bxf4 Rhf8 24. Kg3 Ne7 25. Be5 Nf5+ 26. Kh3 Rf7 27. Rdb1
b6 28. a4 Nd6 29. a5 Nc4 30. Rb4 Nxa5 31. Ra1 Rdf8 32. Bg3 Rf3 33. c4 Nxc4 34.
Rxa7 Kd7 35. Kg2 Rc8 36. Rb5 Rf5 37. Rb4 Nd6 38. Rxb6 Rf3 39. Rxd6+ Ke7 40. Rg6
Kf7 41. Rc6 Kg8 42. Rcxc7 Rxc7 43. Rxc7 Rd3 44. Rd7 Rxd4 45. Be5 Rd1 46. Rxg7+
Kf8 47. Rh7 d4 48. g6 d3 49. g7+ Kf7 50. Rh8 d2 51. g8=Q+ Ke7 52. Rh7# 1-0

[Event "Titled Tue 20th May Early"]
[Site "chess.com INT"]
[Date "2025.05.20"]
[Round "2"]
[White "Ugarte Soto, Cesar"]
[Black "Kawka, Milena"]
[Result "0-1"]
[WhiteTitle "CM"]
[BlackTitle "WCM"]
[WhiteElo "2088"]
[BlackElo "2004"]
[WhiteFideId "3601331"]
[BlackFideId "21095167"]
[EventDate "2025.05.20"]

1. d4 Nf6 2. Bf4 e6 3. e3 c5 4. c3 Nc6 5. Nf3 b6 6. h3 Bb7 7. Bd3 cxd4 8. exd4
Be7 9. Nbd2 h6 10. O-O O-O 11. Qe2 d6 12. Rae1 Re8 13. Ne4 Nd5 14. Bd2 Bf8 15.
Qd1 a6 16. Bb1 f5 17. Ng3 b5 18. a3 Na5 19. Ba2 Rc8 20. Re2 Qf6 21. Rfe1 Nc4 22.
Bc1 Bc6 23. Nh5 Qf7 24. Nf4 Nxf4 25. Bxf4 Bd5 26. a4 Rb8 27. axb5 axb5 28. b3
Nb6 29. Qd3 Be4 30. Qe3 Nd5 31. Qd2 Qh5 32. Rxe4 fxe4 33. Rxe4 Ra8 34. b4 Nf6
35. Rxe6 Rxe6 36. Bxe6+ Kh8 37. Qd3 Qe8 38. Bf5 Qf7 39. Bg6 Qc4 40. Qd2 Ra1+ 41.
Kh2 Qe6 42. Qd3 Ra2 43. Bf5 Qc4 44. Qe3 Nd5 45. Qe4 Nxf4 46. Qxf4 Qf7 47. Qe4
Kg8 48. Bh7+ Kh8 0-1

[Event "Titled Tue 20th May Early"]
[Site "chess.com INT"]
[Date "2025.05.20"]
[Round "2"]
[White "Nowak, Mikolaj"]
[Black "Molina, Roberto Junio Brito"]
[Result "0-1"]
[BlackTitle "IM"]
[WhiteElo "2316"]
[BlackElo "2381"]
[WhiteFideId "1191365"]
[BlackFideId "2109450"]
[EventDate "2025.05.20"]

1. f3 d5 2. Kf2 e5 3. g3 f5 4. Bg2 Nf6 5. Nh3 c5 6. e3 Nc6 7. Re1 e4 8. f4 Bd6
9. Kg1 Be6 10. d4 cxd4 11. exd4 h6 12. c3 O-O 13. Nd2 Qe7 14. Nf1 Na5 15. Ne3 b5
16. b4 Nc4 17. Nxc4 dxc4 18. Bd2 a5 19. a3 Nd5 20. Qc2 Qf6 21. Rab1 axb4 22.
axb4 Ra3 23. Ra1 Rfa8 24. Rxa3 Rxa3 25. Rc1 Qf7 26. Qd1 Qa7 27. Qe1 Ra2 28. Nf2
Qa3 29. Nd1 g5 30. fxg5 hxg5 31. Bxg5 Ra1 32. Rxa1 Qxa1 33. Bd2 Qb1 34. Bf1 Kf7
35. Kf2 Qa2 36. Qe2 Nf6 37. Ne3 Qb1 38. Qe1 Qb2 39. Qc1 Qa2 40. Qc2 Qa1 41. Bc1
f4 42. gxf4 Bxf4 43. Qb2 Qa8 44. h3 Qg8 45. Ke1 Qg3+ 46. Qf2 Qg5 47. Qg2 Qh4+
48. Kd1 Ke7 49. d5 Nxd5 50. Qxe4 Nxc3+ 51. Kc2 Nxe4 0-1

[Event "Titled Tue 20th May Early"]
[Site "chess.com INT"]
[Date "2025.05.20"]
[Round "2"]
[White "Nguyen, Quoc Hy"]
[Black "Shuvalov, Evgenij"]
[Result "1-0"]
[WhiteTitle "FM"]
[WhiteElo "2389"]
[BlackElo "1986"]
[WhiteFideId "12410853"]
[BlackFideId "4187237"]
[EventDate "2025.05.20"]

1. d4 Nf6 2. c4 g6 3. Nc3 d5 4. Bg5 Bg7 5. Bxf6 Bxf6 6. cxd5 c5 7. dxc5 Nd7 8.
e3 O-O 9. Bc4 Nxc5 10. Nge2 Bd7 11. O-O Rc8 12. Rc1 Qb6 13. Bb3 Nxb3 14. Qxb3
Qxb3 15. axb3 b5 16. Nd4 Bxd4 17. exd4 Bf5 18. f3 Rfd8 19. g4 Bd7 20. Rfe1 Kf8
21. Ne4 Be8 22. Rxc8 Rxc8 23. d6 Rc2 24. dxe7+ Kxe7 25. Nc3+ Kd8 26. Re2 Rc1+
27. Kf2 b4 28. Ne4 Rd1 29. Rd2 Rh1 30. Kg3 a5 31. Nf6 h6 32. d5 Bb5 33. d6 Bc6
34. Rc2 Bd7 35. Rc7 Be6 36. Re7 Kc8 37. Re8+ Kb7 38. d7 Bxd7 39. Nxd7 Rb1 40.
Re2 Kc6 41. Ne5+ Kd5 42. Nxf7 Kd4 43. Ne5 g5 44. Nc6+ Kd3 45. Re5 Rxb2 46. Nxa5
Kc3 47. Re4 Ra2 48. Rc4+ Kd3 49. Nc6 Rb2 50. Rxb4 Kc3 51. Rc4+ Kd3 52. Ne5+ Ke3
53. Re4+ Kd2 54. Nc4+ Kc3 55. Nxb2 Kxb3 56. Re6 Kxb2 57. Rxh6 1-0

[Event "Titled Tue 20th May Early"]
[Site "chess.com INT"]
[Date "2025.05.20"]
[Round "2"]
[White "Khachatryan, Anna"]
[Black "Sourath, Biswas"]
[Result "1/2-1/2"]
[WhiteTitle "WFM"]
[BlackTitle "FM"]
[WhiteElo "2169"]
[BlackElo "2201"]
[WhiteFideId "13310780"]
[BlackFideId "35091484"]
[EventDate "2025.05.20"]

1. Nf3 Nf6 2. g3 g6 3. Bg2 Bg7 4. O-O O-O 5. c4 d6 6. Nc3 c5 7. d3 Nc6 8. Rb1 d5
9. cxd5 Nxd5 10. Qb3 Ndb4 11. a3 Be6 12. Qa4 Nd5 13. Ne4 Nb6 14. Qc2 c4 15. dxc4
Bxc4 16. Rd1 Qc8 17. Be3 Be6 18. Rbc1 Bf5 19. Nh4 Bh3 20. b4 Bxg2 21. Kxg2 Ne5
22. Qxc8 Raxc8 23. Bc5 Rfe8 24. Nf3 Nec4 25. a4 Nb2 26. Rd2 N2xa4 27. Ra2 a6 28.
Rd1 Nxc5 29. Nxc5 Rc7 30. e3 e6 31. Rad2 Bf8 32. Rc2 Nd5 33. Rc4 Nxb4 34. Rxb4
Bxc5 35. Rc4 b5 36. Rc2 Rec8 37. Ra1 Rc6 38. Ne5 Rd6 39. Rac1 Rd5 40. f4 b4 41.
e4 Rd4 42. Rxc5 Rxc5 43. Rxc5 b3 44. Rc8+ Kg7 45. Rb8 Rd2+ 46. Kf3 b2 47. Ke3
Rxh2 48. Nd3 Rg2 49. Kf3 Rd2 50. Nxb2 a5 51. Na4 Ra2 52. Nc5 a4 53. Ra8 Ra3+ 54.
Kf2 Ra2+ 55. Kf3 Ra3+ 56. Kf2 Ra2+ 57. Kf3 1/2-1/2

[Event "Titled Tue 20th May Early"]
[Site "chess.com INT"]
[Date "2025.05.20"]
[Round "2"]
[White "Cunha, Lucas Aguiar"]
[Black "Lagarde, Maxime"]
[Result "1/2-1/2"]
[WhiteTitle "FM"]
[BlackTitle "GM"]
[WhiteElo "2254"]
[BlackElo "2622"]
[WhiteFideId "2125404"]
[BlackFideId "662399"]
[EventDate "2025.05.20"]

1. e4 e5 2. Nf3 Nc6 3. Nc3 Nf6 4. Bb5 Bd6 5. d3 Ne7 6. g4 c6 7. Bc4 Ng6 8. g5
Nh5 9. Nxe5 Nxe5 10. Qxh5 Nxc4 11. dxc4 O-O 12. Be3 Be5 13. O-O-O Bxc3 14. bxc3
Qa5 15. Kb2 b5 16. cxb5 Qxb5+ 17. Ka1 d5 18. exd5 cxd5 19. Bd4 Bf5 20. Rb1 Qa4
21. Rb2 Rfe8 22. Qd1 Qc6 23. h4 a5 24. h5 a4 25. h6 g6 26. Qd2 a3 27. Rb3 Re6
28. Rhb1 Rae8 29. Rb8 Rxb8 30. Rxb8+ Re8 31. Rb1 Qa4 32. Rb3 Qa6 33. Be3 Qf1+
34. Rb1 Qc4 35. Qd4 Qxd4 36. cxd4 Bxc2 37. Rc1 Bd3 38. Rc3 Bc4 39. Rxa3 f6 40.
gxf6 Kf7 41. Ra7+ Kxf6 42. Rxh7 Ra8 43. Kb2 Rxa2+ 44. Kc3 Ra8 45. Kb4 Rc8 46.
Rb7 g5 47. Rb6+ Kf5 48. h7 Rh8 49. Rh6 Bd3 50. Kc5 Be4 51. Kd6 Kg4 52. Ke5 Rxh7
53. Rxh7 Bxh7 54. Kf6 Be4 55. Bxg5 Kf3 56. Be3 Bd3 57. Ke5 Be4 58. Kf6 Bd3 59.
Kg5 Bc4 60. Kh4 Ba2 61. Kg5 Bb3 62. Kf6 Ba2 63. Ke6 Bb3 64. Kf6 Ba2 65. Ke6 Bb3
66. Kd6 Ba2 67. Ke5 Bb3 68. Kd6 Ba2 69. Kc5 Bc4 70. Kd6 Ba2 1/2-1/2

[Event "Titled Tue 20th May Early"]
[Site "chess.com INT"]
[Date "2025.05.20"]
[Round "2"]
[White "Ugorek, Kacper"]
[Black "Odegov, Artem"]
[Result "0-1"]
[WhiteTitle "CM"]
[BlackTitle "FM"]
[WhiteElo "2262"]
[BlackElo "2244"]
[WhiteFideId "21890676"]
[BlackFideId "34183644"]
[EventDate "2025.05.20"]

1. b3 d5 2. Bb2 Bg4 3. h3 Bh5 4. d3 Nc6 5. g4 Bg6 6. f4 e6 7. Nf3 h5 8. Bg2 Bc5
9. Bxg7 Rh7 10. Bb2 Be3 11. Bc1 Bb6 12. g5 Nge7 13. Nh4 Nf5 14. Nxf5 Bxf5 15. e4
Bg6 16. f5 exf5 17. exd5 Nb4 18. Qe2+ Kd7 19. c3 Qf8 20. Kd2 Re8 21. Qf1 Na6 22.
Kc2 f4 23. Ba3 Bc5 24. Bb2 Be3 25. Na3 Nc5 26. Rd1 Qd6 27. Nc4 Qa6 28. Kb1 b5
29. Nxe3 fxe3 30. Qe2 b4 31. c4 h4 32. Bd4 Nb7 33. Bxe3 Nd6 34. Qd2 f5 35. gxf6
Rf7 36. Rhe1 Nf5 37. Bg5 Rg8 38. Be4 Qd6 39. Bxf5+ Bxf5 40. Re7+ Rxe7 41. fxe7
Rxg5 42. Qxg5 Qe5 43. Rd2 Bxd3+ 44. Rxd3 Qxg5 45. Kc2 Qg2+ 46. Rd2 Qe4+ 47. Rd3
Kxe7 48. c5 Kd7 49. d6 cxd6 50. cxd6 Qg2+ 51. Kd1 Qxa2 52. Ke1 Qb2 53. Kd1 a5
54. Ke1 Qc2 0-1

[Event "Titled Tue 20th May Early"]
[Site "chess.com INT"]
[Date "2025.05.20"]
[Round "2"]
[White "Harsh, Suresh"]
[Black "Moghaddamian, Afshin"]
[Result "1/2-1/2"]
[WhiteTitle "IM"]
[BlackTitle "CM"]
[WhiteElo "2392"]
[BlackElo "2126"]
[WhiteFideId "45018464"]
[BlackFideId "12503886"]
[EventDate "2025.05.20"]

1. e4 c6 2. d4 d5 3. e5 Bf5 4. Nc3 e6 5. g4 Bg6 6. Nge2 c5 7. h4 h5 8. Nf4 Bh7
9. Nxh5 Nc6 10. dxc5 d4 11. Nb5 Bxc5 12. Bg5 Qd7 13. Nxg7+ Kf8 14. Nh5 Qd5 15.
Rh3 Qxe5+ 16. Qe2 a6 17. Na3 d3 18. cxd3 Bxa3 19. Qxe5 Nxe5 20. bxa3 Nxg4 21.
Be2 Bf5 22. Rg3 Rxh5 23. Bxg4 Bxg4 24. Rxg4 f6 25. Be3 Rd8 26. Rb1 b5 27. Ke2
Kf7 28. Rbg1 Rh7 29. a4 Ne7 30. axb5 axb5 31. h5 Ra8 32. h6 Rxa2+ 33. Kf3 Nf5
34. Rc1 Nxe3 35. Rc7+ Kf8 36. Rc8+ Kf7 37. Rc7+ Kf8 38. Rxh7 Nxg4 39. Kxg4 Rxf2
40. Kh5 Rg2 41. Rb7 Rg5+ 42. Kh4 Kg8 43. Re7 e5 44. Rb7 Kh8 45. Rc7 Rf5 46. Kg4
Rg5+ 47. Kh4 Rf5 48. Rb7 Rg5 49. Rc7 1/2-1/2

[Event "Titled Tue 20th May Early"]
[Site "chess.com INT"]
[Date "2025.05.20"]
[Round "2"]
[White "Rakhmanov, Aleksandr"]
[Black "Roberson, Peter T"]
[Result "0-1"]
[WhiteTitle "GM"]
[BlackTitle "IM"]
[WhiteElo "2585"]
[BlackElo "2440"]
[WhiteFideId "4173708"]
[BlackFideId "412384"]
[EventDate "2025.05.20"]

1. c4 e5 2. Nf3 e4 3. Nd4 Nc6 4. e3 Nf6 5. Nc3 Nxd4 6. exd4 d5 7. d3 exd3 8.
Bxd3 dxc4 9. Bxc4 Bd6 10. O-O O-O 11. Bg5 h6 12. Bh4 Re8 13. Qf3 Be6 14. Bxe6
Rxe6 15. Rfe1 Rxe1+ 16. Rxe1 g5 17. Bg3 Bxg3 18. hxg3 c6 19. Re5 Qd6 20. Qf5 Rd8
21. Kh2 Kg7 22. f4 Qxd4 23. Ne4 Nxe4 24. Rxe4 Qf6 25. Qg4 Rd2 26. Rb4 b6 27. a4
c5 28. Rb3 Qd4 29. a5 Rd1 30. Qe2 h5 31. Qe5+ Qxe5 32. fxe5 bxa5 33. Rb7 Re1 34.
Rxa7 Rxe5 35. Rxa5 Kf6 36. Rb5 Ke6 37. b4 c4 38. Rb7 Kd5 39. Rxf7 c3 40. Rc7 Kd4
41. Rd7+ Kc4 42. Rc7+ Kxb4 43. Rb7+ Kc4 44. Rc7+ Kd4 45. Rd7+ Rd5 46. Rc7 Kd3
47. g4 hxg4 48. Kg3 Kd2 49. Kxg4 c2 50. g3 c1=Q 51. Rxc1 Kxc1 52. Kf3 Kd2 53.
Ke4 Rd8 54. Kf5 Rg8 55. g4 Ke3 56. Kf6 Kf4 57. Kf7 Ra8 58. Kf6 Kxg4 0-1

[Event "Titled Tue 20th May Early"]
[Site "chess.com INT"]
[Date "2025.05.20"]
[Round "2"]
[White "Kuznetsov, Mikhail V."]
[Black "Popov, Konstantin"]
[Result "1/2-1/2"]
[WhiteTitle "FM"]
[BlackTitle "FM"]
[WhiteElo "2218"]
[BlackElo "2378"]
[WhiteFideId "4194900"]
[BlackFideId "34137910"]
[EventDate "2025.05.20"]

1. e4 c6 2. d4 d5 3. e5 Bf5 4. Nf3 e6 5. Be2 Nd7 6. Be3 Ne7 7. O-O h6 8. Nbd2 g5
9. Nb3 Bg7 10. a4 Bg6 11. a5 Nf5 12. a6 b6 13. c4 O-O 14. cxd5 cxd5 15. Bb5 Rc8
16. Rc1 Qe7 17. Qd2 f6 18. Rxc8 Rxc8 19. exf6 Bxf6 20. Rc1 Qd8 21. Rc3 Nd6 22.
Bd3 Ne4 23. Bxe4 Bxe4 24. Qc1 Rxc3 25. Qxc3 Nb8 26. Ne5 Nxa6 27. Qc6 Nc7 28. f3
Bh7 29. Qb7 Bc2 30. Nc6 Qd7 31. Nc1 Ba4 32. Nxa7 Ne8 33. Qxb6 Nd6 34. b3 Bb5 35.
Nxb5 Nxb5 36. Nd3 Nd6 37. Nc5 Qe7 38. b4 Kf7 39. Qc6 Nf5 40. Bf2 Nxd4 41. Qc8
Ne2+ 42. Kf1 Nc3 43. g3 Bg7 44. Qb8 d4 45. Nd3 Qf6 46. Qc7+ Kg6 47. Kg2 Qf5 48.
Nc5 d3 49. Qd7 Nd5 50. Nxe6 Bc3 51. g4 Qe5 52. Nf8+ Kf6 53. Nh7+ Kg6 54. Nf8+
Kf6 55. Nh7+ Kg6 56. Nf8+ 1/2-1/2

[Event "Titled Tue 20th May Early"]
[Site "chess.com INT"]
[Date "2025.05.20"]
[Round "2"]
[White "Ternault, Mathieu"]
[Black "Papaioannou, Dimitrios"]
[Result "0-1"]
[WhiteTitle "FM"]
[BlackTitle "CM"]
[WhiteElo "2273"]
[BlackElo "2200"]
[WhiteFideId "20641532"]
[BlackFideId "25865137"]
[EventDate "2025.05.20"]

1. Nf3 Nf6 2. g3 g6 3. Bg2 Bg7 4. b3 d6 5. Bb2 O-O 6. d4 a5 7. a4 Nc6 8. O-O e5
9. dxe5 Ng4 10. Nbd2 Ngxe5 11. Qc1 Re8 12. Nxe5 Nxe5 13. Nf3 c6 14. Nxe5 Bxe5
15. Bxe5 dxe5 16. Qe3 Bf5 17. Rfd1 Qe7 18. Rd2 Rad8 19. Rad1 Rxd2 20. Rxd2 Qc7
21. Qc5 e4 22. e3 Re5 23. Qc3 Qe7 24. h4 h5 25. Kh2 Qc5 26. Qxc5 Rxc5 27. c4 b5
28. Rd8+ Kg7 29. cxb5 cxb5 30. axb5 Rxb5 31. Ra8 Be6 32. Bf1 Rxb3 33. Rxa5 Rb2
34. Kg1 Rb1 35. Kg2 Bg4 36. Ra2 Bf3+ 37. Kg1 Kf6 38. Rd2 Ke5 39. Ra2 Kd6 40. Rc2
f6 41. Rd2+ Kc5 42. Rc2+ Kb4 43. Rd2 Kb3 44. Rd6 Ra1 45. Rb6+ Kc3 46. Rc6+ Kd2
47. Rd6+ Kc3 48. Rc6+ Kb4 49. Rb6+ Kc5 50. Rb2 g5 51. hxg5 fxg5 52. Rc2+ Kb4 53.
Rd2 Kc3 54. Rd5 Be2 55. Rxg5 Rxf1+ 56. Kg2 Re1 57. f4 exf3+ 58. Kf2 Rf1# 0-1

[Event "Titled Tue 20th May Early"]
[Site "chess.com INT"]
[Date "2025.05.20"]
[Round "2"]
[White "Lai, Duc Minh"]
[Black "Schnaider, Ilan"]
[Result "0-1"]
[BlackTitle "IM"]
[WhiteElo "2072"]
[BlackElo "2388"]
[WhiteFideId "12420387"]
[BlackFideId "169013"]
[EventDate "2025.05.20"]

1. e4 d5 2. exd5 Nf6 3. Bb5+ Nbd7 4. c4 g6 5. Nf3 Bg7 6. O-O O-O 7. d4 Nb6 8.
Nbd2 Bf5 9. Qb3 a6 10. Ba4 Nxa4 11. Qxa4 b5 12. cxb5 axb5 13. Qxb5 Nxd5 14. Nb3
Rb8 15. Qc5 Nb4 16. Bg5 Re8 17. Na5 Nd3 18. Qc3 Rb6 19. Ne5 Nxe5 20. dxe5 Qd5
21. Bf4 Ra8 22. b4 Qe4 23. Qxc7 Rxb4 24. Bg3 Bf8 25. Nb3 h5 26. h3 g5 27. Bh2 g4
28. hxg4 hxg4 29. Qc3 Rc8 30. Qd2 Bg7 31. Qg5 Bg6 32. Rfe1 Qf5 33. Qxe7 Rb6 34.
Bg3 Re6 35. Qh4 Rce8 36. Nd4 Qd3 37. Nxe6 Rxe6 38. a4 Bf8 39. Qxg4 Bc5 40. a5
Kf8 41. Qf3 Qd4 42. a6 Ba7 43. Ra2 Qb4 44. Rae2 Kg7 45. Bh4 Qxh4 46. Qb7 Qd4 0-1

[Event "Titled Tue 20th May Early"]
[Site "chess.com INT"]
[Date "2025.05.20"]
[Round "2"]
[White "Mohylnyi, Stepan"]
[Black "Tulendinov, Dinmukhammed"]
[Result "0-1"]
[WhiteTitle "FM"]
[BlackTitle "FM"]
[WhiteElo "2314"]
[BlackElo "2124"]
[WhiteFideId "34127836"]
[BlackFideId "13730860"]
[EventDate "2025.05.20"]

1. e4 c5 2. Nf3 e6 3. c4 Nc6 4. Nc3 e5 5. d3 d6 6. Be2 Nf6 7. O-O Be7 8. Nd5 O-O
9. h3 h6 10. Be3 Be6 11. Nd2 Nd7 12. f4 exf4 13. Bxf4 Nde5 14. Nf3 Nxf3+ 15.
Bxf3 Bg5 16. Qd2 Nd4 17. Rae1 Bxd5 18. exd5 Qf6 19. Be4 Rae8 20. h4 Bxh4 21. Bg3
Qg5 22. Qxg5 hxg5 23. Bxd6 Bxe1 24. Rxe1 f5 25. Bxf8 Kxf8 26. Kf2 fxe4 27. dxe4
Re5 28. Ke3 Ke7 29. Kd3 g4 30. b4 b6 31. bxc5 bxc5 32. Rb1 Rh5 33. Rb7+ Kd6 34.
Rxg7 Rh1 35. Rg6+ Ke5 36. Rg5+ Kf4 37. Rg7 Rd1+ 38. Kc3 Kxe4 39. Rxg4+ Ke5 40.
Rg7 a5 41. g4 Rc1+ 42. Kd2 Rc2+ 43. Kd3 Rxa2 44. g5 Ra3+ 45. Kd2 a4 46. g6 Rg3
47. Ra7 a3 48. g7 Nf5 49. g8=Q Rxg8 50. Rxa3 Nd6 0-1

[Event "Titled Tue 20th May Early"]
[Site "chess.com INT"]
[Date "2025.05.20"]
[Round "2"]
[White "Sai, Han Thiha"]
[Black "Matyakubov, Miraziz"]
[Result "0-1"]
[WhiteTitle "FM"]
[BlackTitle "CM"]
[WhiteElo "2121"]
[BlackElo "2272"]
[WhiteFideId "13012290"]
[BlackFideId "14215772"]
[EventDate "2025.05.20"]

1. Nf3 Nf6 2. g3 d5 3. Bg2 e6 4. O-O c5 5. d3 Nc6 6. a4 Be7 7. Bf4 O-O 8. Nbd2
Nh5 9. e4 d4 10. Ne5 Nxf4 11. Nxc6 bxc6 12. gxf4 Rb8 13. b3 f6 14. Kh1 Bd6 15.
Qf3 Qc7 16. f5 Bxh2 17. Nc4 Bf4 18. Bh3 exf5 19. exf5 Bd7 20. Rg1 Be8 21. Qg4
Bh6 22. Rae1 Bf7 23. Bg2 Rbe8 24. Bf3 Bd5 25. Kg2 Bg5 26. Rh1 h6 27. Be4 Qf4 28.
Qxf4 Bxf4 29. f3 Kf7 30. Kf1 Rh8 31. Re2 h5 32. Rg2 h4 33. Rh3 Re7 34. Na5 Bxe4
35. fxe4 Rc7 36. Ke2 Rh6 37. Rg4 Bg3 38. Kf3 g6 39. fxg6+ Rxg6 40. Rgxh4 Bxh4
41. Rxh4 Rg7 42. Kf4 Ke6 43. Rh6 Rg2 44. e5 Rf2+ 45. Kg3 Rf5 46. Nc4 Rg7+ 47.
Kh2 Rgg5 48. exf6 Rxf6 49. Rh8 Rf2+ 50. Kh3 Rf1 51. Kh4 Rg7 52. Re8+ Kd7 53. Re1
Rxe1 0-1